000 00502nam a22001697a 4500
999 _c601
_d601
003 OSt
005 20180821092915.0
008 180821b ||||| |||| 00| 0 eng d
040 _cDLC
082 _a248.6
_bA946W
100 _aAvanzini, Dr. John F.
245 _aThe Wealth Of The Wicked:
_bYours For The Taking
_cDr.John F.Avanzini [Foreword By Paul Crouch]
260 _aTexas, USA
_bHis Image Ministries
_cc1986
300 _a152 p.:
650 _aFinance Personal
_xReligious Aspects
942 _2ddc
_cBK